Magyar színjátszás a megszállt Szabadkán

Elmentve itt :
Bibliográfiai részletek
Szerző: Garay Béla
Dokumentumtípus: Cikk
Megjelent: 1943
Sorozat:Délvidéki szemle 2
Kulcsszavak:Színjátszás - magyar - Szabadka
Tárgyszavak:
Online Access:http://acta.bibl.u-szeged.hu/19238
LEADER 00718nab a2200193 i 4500
001 acta19238
005 20251103105640.0
008 161015s1943 hu o 000 hun d
040 |a SZTE Egyetemi Kiadványok Repozitórium  |b hun 
041 |a hun 
100 1 |a Garay Béla 
245 1 0 |a Magyar színjátszás a megszállt Szabadkán  |h [elektronikus dokumentum] /  |c  Garay Béla 
260 |c 1943 
300 |a 90-94 
490 0 |a Délvidéki szemle  |v 2 
650 4 |a Bölcsészettudományok 
650 4 |a Művészetek (művészetek, művészettörténet, előadóművészetek, zene) 
695 |a Színjátszás - magyar - Szabadka 
856 4 0 |u http://acta.bibl.u-szeged.hu/19238/1/delvideki_szemle_002_090-094.pdf  |z Dokumentum-elérés